हिन्दू राष्ट्र का संवैधानिक प्रारूप एवं भारतीय अस्मिता/ (Record no. 215573)

MARC details
000 -LEADER
fixed length control field 00783nam a22001697a 4500
005 - DATE AND TIME OF LATEST TRANSACTION
control field 20260313160632.0
010 ## - LCCN (DPL NO)
LC control number BACHN26
020 ## - INTERNATIONAL STANDARD BOOK NUMBER
International Standard Book Number 9788119798278
Terms of availability 299.00
037 ## - SOURCE OF ACQUISITION
Source of stock number/acquisition हरआनन्द पब्लिकेशन प्रा.ली.
082 ## - DEWEY DECIMAL CLASSIFICATION NUMBER
Edition number 1
Classification number 230.1
100 ## - MAIN ENTRY--PERSONAL NAME
Personal name सुब्रमण्यम
245 ## - TITLE STATEMENT
Title हिन्दू राष्ट्र का संवैधानिक प्रारूप एवं भारतीय अस्मिता/
Statement of responsibility, etc सुब्रमण्यम
250 ## - EDITION STATEMENT
Edition statement 1
260 ## - PUBLICATION, DISTRIBUTION, ETC. (IMPRINT)
Name of publisher, distributor, etc हरआनन्द पब्लिकेशन प्र.ली.
Date of publication, distribution, etc 2024
Place of publication, distribution, etc नई दिल्ली
300 ## - PHYSICAL DESCRIPTION
Extent 195पृ.
Dimensions 22सेमी(आजिल्द)
942 ## - ADDED ENTRY ELEMENTS (KOHA)
Source of classification or shelving scheme Dewey Decimal Classification
Call number suffix सुब्रम
Item type Hindi Books
Classification part 320.1

No items available.


© Delhi Public Library
Hit Counter
free hit counter